One Piece: Alle Charaktere mit dem mysteriösen D. im Namen - Statistiken

Allgemein
  • Dieses Quiz wurde 1.873 mal gespielt
    363 seit der letzten Aktualisierung
  • Das Durchschnittsergebnis liegt bei 8 aus 15
Antwortstatistiken
Antwort % Korrekt
Monkey D. Ruffy
98%
Gol D. Roger
87%
Monkey D. Dragon
86%
Monkey D. Garp
85%
Portgas (Puma) D. Ace
85%
Marshall (Blackbeard) D. Teach
78%
Trafalgar D. Water Law
75%
Rocks D. Xebec
44%
Portgas D. Rouge
35%
Nefertari Vivi
29%
Jaguar D. Saul
24%
Nefertari Cobra
20%
Nefertari D. Lili
10%
Clou D. Clover
6%
Clover's Bruder
6%
Keine übereinstimmenden Quizze gefunden
Verteilung der Resultate
Anzahl Personen mit jedem Resultat
Perzentil nach korrekt beantworteten Fragen
Ihre Resultats-Entwicklung
Sie haben dieses Quiz seit der letzten Aktualisierung nicht gespielt